000
00288nam a2200109Ia 4500
008
220120s9999||||xx |||||||||||||| ||und||
100
_a
Pauseh, Randy
_9
11781
245
0
_a
Last lectures lession in living
260
_a
Hodder
_b
New Delhi
_c
2008
300
_b
310
650
_a
NETWORK ANALYSIS
999
_c
137182
_d
137182